| 000 | 00515 a2200181 4500 | ||
|---|---|---|---|
| 003 | OSt | ||
| 005 | 20231206101643.0 | ||
| 008 | 231206b |||||||| |||| 00| 0 eng d | ||
| 020 | _a9789355495075 | ||
| 040 | _coclc | ||
| 082 |
_a920 _bIND/W |
||
| 100 |
_aIndugopan, G R _98021 |
||
| 245 |
_aWater Body: Vellamkondulla Athmakatha / _cG.R. Indugopan |
||
| 250 | _a1st ed. | ||
| 260 |
_aKozhikode: _bMathrubhumi Books, _c2022. |
||
| 300 | _a120p. | ||
| 942 |
_2ddc _cBK _h920 _iIND/W _k920 _mIND/W |
||
| 999 |
_c43994 _d43994 |
||